Sobre el capitalismo contemporáneo / (Record no. 35698)

MARC details
000 -LEADER
campo de control de longitud fija 00949cam a2200313Ia 4500
001 - NÚMERO DE CONTROL
campo de control 44119
005 - FECHA Y HORA DE LA ÚLTIMA TRANSACCIÓN
campo de control 20230410105404.0
008 - DATOS DE LONGITUD FIJA--INFORMACIÓN GENERAL
campo de control de longitud fija 930930s1979 sp 000 0 spa d
035 ## - NÚMERO DE CONTROL DEL SISTEMA
Número de control de sistema (OCoLC)ocm28915222
040 ## - FUENTE DE CATALOGACIÓN
Centro catalogador/agencia de origen PBR
Centro/agencia transcriptor PBR
Centro/agencia modificador DRFGD
020 ## - NÚMERO INTERNACIONAL ESTÁNDAR DEL LIBRO
Número Internacional Estándar del Libro 8474231132
020 ## - NÚMERO INTERNACIONAL ESTÁNDAR DEL LIBRO
Número Internacional Estándar del Libro 9788474231137
035 ## - NÚMERO DE CONTROL DEL SISTEMA
Número de control de sistema (OCoLC)28915222
041 1# - CÓDIGO DE IDIOMA
Código de lengua del texto/banda sonora o título independiente spa
Código de lengua original engitapol
050 14 - SIGNATURA TOPOGRÁFICA DE LA BIBLIOTECA DEL CONGRESO
Número de clasificación HB 501
Número de ítem K14s 1979
082 00 - NÚMERO DE LA CLASIFICACIÓN DECIMAL DEWEY
Número de clasificación 330.904
100 1# - ENTRADA PRINCIPAL--NOMBRE DE PERSONA
Nombre de persona Kalecki, Michal.
245 10 - MENCIÓN DEL TÍTULO
Título Sobre el capitalismo contemporáneo /
Mención de responsabilidad, etc. Michal Kalecki ; prólogo de Julio Segura.
260 ## - PUBLICACIÓN, DISTRIBUCIÓN, ETC.
Lugar de publicación, distribución, etc. Barcelona :
Nombre del editor, distribuidor, etc. Editorial Crítica,
Fecha de publicación, distribución, etc. 1979.
300 ## - DESCRIPCIÓN FÍSICA
Extensión 132 p. ;
Dimensiones 20 cm.
490 0# - MENCIÓN DE SERIE
Mención de serie Crítica/Economía ;
Designación de volumen o secuencia 3
500 ## - NOTA GENERAL
Nota general Translation from the English and Italian versions of the Polish original works.
650 #0 - PUNTO DE ACCESO ADICIONAL DE MATERIA--TÉRMINO DE MATERIA
Término de materia o nombre geográfico como elemento de entrada Capitalism.
650 #0 - PUNTO DE ACCESO ADICIONAL DE MATERIA--TÉRMINO DE MATERIA
Término de materia o nombre geográfico como elemento de entrada Economic history
Subdivisión cronológica 20th century.
650 #0 - PUNTO DE ACCESO ADICIONAL DE MATERIA--TÉRMINO DE MATERIA
Término de materia o nombre geográfico como elemento de entrada Full employment policies.
942 ## - ELEMENTOS DE ENTRADA SECUNDARIOS (KOHA)
Fuente del sistema de clasificación o colocación Clasificación de Library of Congress
Tipo de ítem Koha
946 ## - PROCESAMIENTO DE INFORMACIÓN LOCAL (OCLC)
a lmminaya
994 ## -
-- C0
-- DRFGD
Holdings
Estatus retirado Estado de pérdida Fuente del sistema de clasificación o colocación Estado de daño No para préstamo Colección Biblioteca de origen Biblioteca actual Ubicación en estantería Fecha de adquisición Serial enumeration / chronology Signatura topográfica completa Código de barras Visto por última vez Copia número Tipo de ítem Koha
    Clasificación de Library of Congress     Ciencias Sociales Biblioteca Juan Bosch Biblioteca Juan Bosch Ciencias Sociales (3er. Piso) 10/04/2023 1 HB 501 K14s 1979 00000034185 24/10/2018 1